Statistiques concernant Ce que racontent les chansons

Cliquez ici pour prendre le quiz!

Statistiques générales

  • Ce quiz a été pris 32 fois
  • Le résultat moyen est 4 sur 15

Statistiques - réponses

HintRéponse% Correct
C'est l'histoire d'une fille qui fait une belle déclaration d'amour à son copain, jusqu'à lui dire que s'il pleut, il pourra se mettre sous son parapluieUmbrella - Rihanna ft Jay-Z
83%
C'est un mec qui préfère aller dans un bar plutôt qu'en boîte pour draguer et qui dit à une fille qu'il aime beaucoup sa silhouette, la forme de son corpsShape of You - Ed Sheeran
52%
Suspense (ah non)... C'est une fille qui avoue ses sentiments à un homme, mais pas n'importe qui, cette fois-ci, cet homme, c'est son voisin (il est gay dans la clip)Call Me Maybe - Carly Rae Jepsen
41%
Toujours une déclaration d'amour d'une fille à un garçon, mais il n'est plus question de parapluie; ici, on parle d'une arrivée comparable à celle d'une boule de démolitionWrecking Ball - Miley Cyrus
41%
C'est l'histoire d'un mec qui semble dépendant de sa copine comme si elle était sa drogue, et qu'en son absence il était aveuglé par les lumières de la ville (voilà voilà)Blinding Lights - The Weeknd
31%
Cette chanson est une sorte d'ôde à la vie, c'est l'histoire d'un gars qui rêve d'une vie où l'on ne compterait plus les dollars, mais les étoilesCounting Stars - OneRepublic
31%
C'est l'histoire d'un mec qui est très content pour aucune raison apparente et qui nous demande de ne pas l'arrêter dans son allégresseDon't Stop Me Now - Queen
28%
Soyons originaux (toujours pas), c'est une fille qui dit à un garçon qu'elle ne peut pas s'empêcher de penser à lui, qu'il ne peut plus sortir de sa têteCan't Get You out of My Head - Kylie Minogue
21%
C'est l'histoire d'une adolescente qui demande au garçon qu'elle aime de se comporter comme il est, de rendre les choses moins compliquéesComplicated - Avril Lavigne
21%
C'est un groupe de 5 garçons qui complimentent (un peu beaucoup) une fille sur sa beauté et son allureWhat Makes You Beautiful - One Direction
17%
La chanson parle d'une histoire d'amour interdite de façon largement inspirée de "Roméo et Juliette"Love Story - Taylor Swift
14%
C'est l'histoire d'un mec qui tente de d'oublier son ex-petite amie, qui cherche des amis pour se consoler afin de pouvoir vivre dans un monde plus ordinaireOrdinary World - Duran Duran
14%
Bon là on change : c'est un groupe de potes qui se prépare à sortir en boîte car ils ont le sentiment que cette nuit va être une bonne soiréeI Gotta Feeling - Black Eyed Peas
10%
C'est l'histoire d'une fille qui déclare encore une fois tout son amour à un garçon en faisant souvent allusion à leur éloignement et surtout aux battements de son coeurMy Heart Will Go On - Céline Dion
3%
C'est une histoire d'amour entre un garçon et une fille qui se sont rencontrés à Miami et maintenant qu'ils ne se voient plus, leurs deux évoquent des souvenirs nostalgiques de leur courte aventureSenorita - Shawn Mendes ft Camila Cabello
3%

Distribution des résultats

Percentile par nombre de réponses

% des personnes avec chaque résultat

Votre développement - résultats

Vous n’avez pas pris ce quiz